000 00438nam a2200169Ia 4500
008 180921t2016 xxu||||| |||| 00| 1 sin d
041 _asin
080 _aX8C31
_bATU
100 _aAtulugama, Sanjeewani
245 _aමහ මෙරක් තරම්
246 _aMaha Merak Tharam
260 _bPahan Prakashana
_aColombo
_c2016
300 _a176p., 21cm
942 _cBK
999 _c7911
_d7911
003 LK-CoDNM
040 _aLK-CoDNM
_dLK-CoDNM
_eLK-CoDNM